Countries by GDP on the world map - Statistics

General Stats
  • This quiz has been taken 208 times
  • The average score is 19 of 20
Answers on the Map
Answers color-coded by a green-red scale on the quiz's map according to % correct below.
 
Answer Stats
Land GDP % Correct
United States $17.9 Trillion
100%
Australia $1.34 Trillion
99%
Brazil $1.77 Trillion
99%
Canada $1.55 Trillion
99%
China $10.9 Trillion
99%
France $2.42 Trillion
99%
Germany $3.36 Trillion
99%
Russia $1.33 Trillion
99%
United Kingdom $2.85 Trillion
99%
India $2.07 Trillion
98%
Italy $1.81 Trillion
98%
Japan $4.12 Trillion
98%
Mexico $1.14 Trillion
98%
Spain $1.20 Trillion
98%
Saudi Arabia $646 Billion
96%
South Korea $1.38 Trillion
95%
Indonesia $862 Billion
94%
Turkey $718 Billion
94%
Netherlands $753 Billion
88%
Switzerland $665 Billion
84%
No matching quizzes found
Score Distribution
Percent of People with Each Score
Percentile by Number Answered
Your Score History
You have not taken this quiz